000 00528nam a22001697a 4500
999 _c8543
_d8543
008 201202b ||||| |||| 00| 0 eng d
040 _aBMS College of Architecture
100 _aDechamma, N D Diya
245 _aMulti speciality hospital Melukote
300 _avi,46p.
500 _a1BM13AT042
502 _8B,Arch
_NBMS College of Architecture, Visvesvaraya Technological University (VTU)
_aProject report
_d2017
650 _aHospital
700 _aShanu Raina
_eGuide
700 _aPraveen Alva
_eGuide
942 _2ddc
_cTHE